Statistics for Top Assists of top 5 leagues (last 5 seasons)

Click here to take the quiz!

General Stats

  • This quiz has been taken 23 times
  • The average score is 24 of 50

Answer Stats

AssistsName% Correct
66Leo Messi
100%
47Cristiano Ronaldo
95%
70Kevin De Bruyne
90%
68Luis Suarez
90%
54Neymar
90%
32Arjen Robben
85%
34Franck Ribery
80%
50Mesut Ozil
80%
33Mohamed Salah
80%
54Thomas Muller
80%
54Cesc Fabregas
75%
35Gareth Bale
75%
41Karim Benzema
75%
41Roberto Firmino
70%
40Toni Kroos
70%
36Paul Pogba
65%
48Christian Eriksen
60%
30Paulo Dybala
60%
39Alexis Sanchez
50%
36Coutinho
50%
30Ivan Rakitic
50%
32Marcelo
50%
43Miralem Pjanic
50%
40Zlatan Ibrahimovic
50%
57Angel Di Maria
45%
48David Silva
45%
58Dimitri Payet
45%
34Dries Mertens
45%
30Edin Dzeko
45%
50Koke
45%
38Marek Hamsik
45%
42Lorenzo Insigne
40%
34Raheem Sterling
40%
40Henrikh Mkhitaryan
35%
50James Rodriguez
35%
31Romelu Lukaku
35%
37Isco
30%
36Papu Gomez
30%
31Javier Pastore
25%
40Jose Callejon
25%
31Ivan Perisic
20%
38Antonio Candreva
10%
32Karim Bellarabi
10%
40Max Kruse
10%
35Domenico Berardi
5%
31Susaeta
5%
39Zlatko Junuzovic
5%
32Romain Hamouma
0%
31Ryad Boudebouz
0%
33Senad Lulic
0%

Score Distribution

Percentile by Number Answered

Percent of People with Each Score

Your Score History

You have not taken this quiz